Electricity & Magnetism with Electronics (Record no. 2118)

MARC details
000 -LEADER
fixed length control field 00394nam a2200157Ia 4500
008 - FIXED-LENGTH DATA ELEMENTS--GENERAL INFORMATION
fixed length control field 221030s9999 xx 000 0 und d
020 ## - INTERNATIONAL STANDARD BOOK NUMBER
ISBN 8121908558
041 ## - LANGUAGE CODE
Language code of text/sound track or separate title
082 ## - DEWEY DECIMAL CLASSIFICATION NUMBER
Classification number 105.23
Item number Tew
100 ## - MAIN ENTRY--AUTHOR NAME
Personal name K. K. Tewari
245 #0 - TITLE STATEMENT
Title Electricity & Magnetism with Electronics
Statement of responsibility, etc by K. K. Tewari
260 ## - PUBLICATION, DISTRIBUTION, ETC. (IMPRINT)
Name of publisher S. Chand & Co
Place of publication New Delhi
Year of publication 2001
300 ## - PHYSICAL DESCRIPTION
Number of Pages 912
650 ## - SUBJECT ADDED ENTRY--TOPICAL TERM
Topical Term EMT
942 ## - ADDED ENTRY ELEMENTS (KOHA)
Koha item type Books
Holdings
Accession Number Cost, normal purchase price Full call number Price effective from Koha item type Withdrawn / writtenoff status Materials specified (bound volume or other part) Damaged status Not for loan Permanent Location Current Location Shelving location Date acquired Lost/ Missing status department
BE 2967 165.00 105.23 Tew 10/30/2022 Books   Print   Not For Loan MIET Library, Jammu MIET Library, Jammu BL-Second, FL-1, CUP-16, SH-5, R-5 03/14/2001   BE
BE 2968 165.00 105.23 Tew 10/30/2022 Books   Print     MIET Library, Jammu MIET Library, Jammu BL-Academic Block C, FL-2, CUP-7, SH-4, R-4 03/14/2001   BE
BE 2969 165.00 105.23 Tew 10/30/2022 Books   Print     MIET Library, Jammu MIET Library, Jammu BL-Academic Block - C, FL-2, CUP-7, SH-4, R-4 03/14/2001   BE
BE 2970 165.00 105.23 Tew 10/30/2022 Books   Print     MIET Library, Jammu MIET Library, Jammu BL-Academic Block - C, FL-2, CUP-7, SH-4, R-4 03/14/2001   BE
BE 2971 165.00 105.23 Tew 10/30/2022 Books   Print     MIET Library, Jammu MIET Library, Jammu BL-Academic Block - C, FL-2, CUP-7, SH-4, R-4 03/14/2001   BE